00451nam a2200133Ia 4500008004100000020001400041040004400055100001700099245004900116260004200165300002200207500007100229999001700300180412s9999||||xx |||||||||||||| ||und|| a853657211 aAhmadu Bello University Library - Zaria aBourne, Ross 0aSerials librarianshipcedited by Ross Bourne aLondonbThe Library Associationc1980 axi, 257p.: tables aFirst published 1980 Includes bibliographical references and index c44820d44820